<?xml version="1.0" encoding="UTF-8"?><?xml-stylesheet type="text/xsl" href="static/style.xsl"?><OAI-PMH xmlns="http://www.openarchives.org/OAI/2.0/" xmlns:xsi="http://www.w3.org/2001/XMLSchema-instance" xsi:schemaLocation="http://www.openarchives.org/OAI/2.0/ http://www.openarchives.org/OAI/2.0/OAI-PMH.xsd"><responseDate>2026-04-28T19:01:53Z</responseDate><request verb="GetRecord" identifier="oai:uvadoc.uva.es:10324/3443" metadataPrefix="marc">https://uvadoc.uva.es/oai/request</request><GetRecord><record><header><identifier>oai:uvadoc.uva.es:10324/3443</identifier><datestamp>2025-03-26T19:10:04Z</datestamp><setSpec>com_10324_1138</setSpec><setSpec>com_10324_931</setSpec><setSpec>com_10324_894</setSpec><setSpec>col_10324_1226</setSpec></header><metadata><record xmlns="http://www.loc.gov/MARC21/slim" xmlns:doc="http://www.lyncode.com/xoai" xmlns:xsi="http://www.w3.org/2001/XMLSchema-instance" xmlns:dcterms="http://purl.org/dc/terms/" xsi:schemaLocation="http://www.loc.gov/MARC21/slim http://www.loc.gov/standards/marcxml/schema/MARC21slim.xsd">
<leader>00925njm 22002777a 4500</leader>
<datafield tag="042" ind1=" " ind2=" ">
<subfield code="a">dc</subfield>
</datafield>
<datafield tag="720" ind1=" " ind2=" ">
<subfield code="a">González Fajardo, José Antonio</subfield>
<subfield code="e">author</subfield>
</datafield>
<datafield tag="720" ind1=" " ind2=" ">
<subfield code="a">Arreba, Emilio</subfield>
<subfield code="e">author</subfield>
</datafield>
<datafield tag="720" ind1=" " ind2=" ">
<subfield code="a">Castrodeza Sanz, José Javier</subfield>
<subfield code="e">author</subfield>
</datafield>
<datafield tag="720" ind1=" " ind2=" ">
<subfield code="a">Pérez Castrillon, José Luis</subfield>
<subfield code="e">author</subfield>
</datafield>
<datafield tag="720" ind1=" " ind2=" ">
<subfield code="a">Fernández, Leopoldo</subfield>
<subfield code="e">author</subfield>
</datafield>
<datafield tag="720" ind1=" " ind2=" ">
<subfield code="a">Agundez, Ignacio</subfield>
<subfield code="e">author</subfield>
</datafield>
<datafield tag="720" ind1=" " ind2=" ">
<subfield code="a">Mateo, Antonio M.</subfield>
<subfield code="e">author</subfield>
</datafield>
<datafield tag="720" ind1=" " ind2=" ">
<subfield code="a">Carrera, Santiago</subfield>
<subfield code="e">author</subfield>
</datafield>
<datafield tag="720" ind1=" " ind2=" ">
<subfield code="a">Gutíerrez Alonso, Vicente</subfield>
<subfield code="e">author</subfield>
</datafield>
<datafield tag="720" ind1=" " ind2=" ">
<subfield code="a">Vaquero Puerta, Carlos</subfield>
<subfield code="e">author</subfield>
</datafield>
<datafield tag="260" ind1=" " ind2=" ">
<subfield code="c">1999</subfield>
</datafield>
<datafield tag="520" ind1=" " ind2=" ">
<subfield code="a">Purpose: The primary objective of this study was to evaluate with venography the rate of&#xd;
thrombus regression after a fixed dose of low–molecular weight heparin (LMWH) per&#xd;
day for 3 months compared with oral anticoagulant therapy for deep venous thrombosis&#xd;
(DVT). Secondary endpoints were the comparisons of the efficacy and safety of both&#xd;
treatments.&#xd;
Methods: This study was designed as an open randomized clinical study in a university hospital&#xd;
setting. Of the 165 patients finally enrolled in the study, 85 were assigned LMWH&#xd;
therapy and 80 were assigned oral anticoagulant therapy. In the group randomized to oral&#xd;
anticoagulant therapy, the patients first underwent treatment in the hospital with standard&#xd;
unfractionated heparin and then coumarin for 3 months. Doses were adjusted with&#xd;
laboratory monitoring to maintain the international normalized ratio between 2.0 and&#xd;
3.0. Patients in the LMWH group were administered subcutaneous injections of fixed&#xd;
doses of 40 mg enoxaparin (4000 anti-Xa units) every 12 hours for 7 days, and after discharge&#xd;
from the hospital, they were administered 40 mg enoxaparin once daily at fixed&#xd;
doses for 3 months without a laboratory control assay. A quantitative venographic score&#xd;
(Marder score) was used to assess the extent of the venous thrombosis, with 0 points indicating&#xd;
no DVT and 40 points indicating total occlusion of all deep veins. The rate of&#xd;
thrombus reduction was defined as the difference in quantitative venographic scores after&#xd;
termination of LMWH or coumarin therapy as compared with the scores obtained on the&#xd;
initial venographic results. The efficacy was defined as the ability to prevent symptomatic&#xd;
extension or recurrence of venous thromboembolism (documented with venograms or&#xd;
serial lung scans). The safety was defined as the occurrence of hemorrhages.&#xd;
Results: After 3 months of treatment, the mean Marder score was significantly decreased&#xd;
in both groups in comparison with the baseline score, although the effect of therapy was&#xd;
significantly better after LMWH therapy (49.4% reduction) than after coumarin therapy&#xd;
(24.5% reduction; P &lt; .001). LMWH therapy and male gender were independently&#xd;
associated with an enhanced resolution of the thrombus. A lower frequency of symptomatic&#xd;
recurrent venous thromboembolism was also shown in patients who underwent&#xd;
treatment with LMWH therapy (9.5%) than with oral anticoagulant therapy (23.7%; P&#xd;
&lt; .05), although this difference was entirely a result of recurrence of DVT. Bleeding&#xd;
complications were significantly fewer in the LMWH group than in the coumarin group&#xd;
(1.1% vs 10%; P &lt; .05). This difference was caused by minor hemorrhages. Coumarin&#xd;
therapy and cancer were independently associated with an enhanced risk of complications.&#xd;
Subcutaneous heparin therapy was well tolerated by all patients.&#xd;
Conclusion: The patients who were allocated to undergo enoxaparin therapy had a significantly&#xd;
greater improvement in their quantitative venographic score, a significantly</subfield>
</datafield>
<datafield tag="024" ind2=" " ind1="8">
<subfield code="a">Journal of Vascular Surgery, August, vol.30, n.2. p.283-292</subfield>
</datafield>
<datafield tag="024" ind2=" " ind1="8">
<subfield code="a">0741-5214</subfield>
</datafield>
<datafield tag="024" ind2=" " ind1="8">
<subfield code="a">http://uvadoc.uva.es/handle/10324/3443</subfield>
</datafield>
<datafield tag="024" ind2=" " ind1="8">
<subfield code="a">10.1016/S0741-5214(99)70139-4</subfield>
</datafield>
<datafield tag="024" ind2=" " ind1="8">
<subfield code="a">283</subfield>
</datafield>
<datafield tag="024" ind2=" " ind1="8">
<subfield code="a">2</subfield>
</datafield>
<datafield tag="024" ind2=" " ind1="8">
<subfield code="a">292</subfield>
</datafield>
<datafield tag="024" ind2=" " ind1="8">
<subfield code="a">Journal of Vascular Surgery</subfield>
</datafield>
<datafield tag="024" ind2=" " ind1="8">
<subfield code="a">30</subfield>
</datafield>
<datafield ind1=" " ind2=" " tag="653">
<subfield code="a">Trombosis-Tratamiento</subfield>
</datafield>
<datafield tag="245" ind1="0" ind2="0">
<subfield code="a">Venographic comparison of subcutaneous low-molecular weight heparin with oral anticoagulant therapy in the long-term treatment of deep venous thrombosis</subfield>
</datafield>
</record></metadata></record></GetRecord></OAI-PMH>